Asian Films - Sudden Death - Statistics

General Stats
  • This quiz has been taken 299 times
  • The average score is 6 of 16
Answers on the Grid
Answers color-coded by a green-red scale on the quiz's grid according to % correct below.
Parasite
The Last Samurai
Yojimbo
Fist of Fury
The Karate Kid
Oldboy
Drunken Master
Apocalypse Now
Sonatine
Universal Soldier
Train to Busan
Lionheart
Sympathy for Mr. Vengeance
A Separation
The Quest
Rashomon
Under Siege
Memories of Murder
Sicario
The Handmaiden
Fallen Angels
City of God
Battle Royale
Taxi
Nomadland
Kickboxer
The Hurt Locker
Lady Vengeance
Empire of the Sun
Black Hawk Down
Letters from Iwo Jima
The Way of the Dragon
 
Answer Stats
Answer % Correct
Parasite
95%
Train to Busan
57%
Oldboy
55%
Yojimbo
47%
Rashomon
42%
Memories of Murder
39%
Battle Royale
38%
The Handmaiden
38%
Sympathy for Mr. Vengeance
35%
Drunken Master
31%
Lady Vengeance
29%
Fallen Angels
28%
Fist of Fury
28%
The Way of the Dragon
26%
A Separation
23%
Sonatine
17%
No matching quizzes found
Score Distribution
Percent of People with Each Score
Percentile by Number Answered
Your Score History
You have not taken this quiz